| 000 | 00409nam a2200157 i 4500 | ||
|---|---|---|---|
| 001 | 83715 | ||
| 003 | ES-MaACL | ||
| 005 | 20230906174859.0 | ||
| 007 | t| | ||
| 008 | 041118s1927 sp ||||1| por d | ||
| 100 | 1 |
_aJardin Aranha, Aurora. _966118 |
|
| 245 | 1 | 0 |
_aRomance Branco / _cAurora Jardin Aranha. |
| 260 |
_aPorto : _bCivilizaƧao, _c1927. |
||
| 300 |
_a230 p. ; _c19 cm. |
||
| 852 |
_aES-MaACL _jF-3185 |
||
| 999 |
_c83715 _d83715 |
||